Gordon Matta-Clark /
Gordon Matta-Clark es un inclasificable artista neoyorquino (1943-), hijo del pintor surrealista Roberto Matta. Tras graduarse en arquitectura en Cornell University, monta su primera exposición en 1968, titulada Memorial for Marcel Duchamp; de entonces a la fecha ha tenido una gran cantidad de ellas...
সংরক্ষণ করুন:
| প্রধান লেখক: | |
|---|---|
| অন্যান্য লেখক: | , , , |
| বিন্যাস: | গ্রন্থ |
| ভাষা: | ইংরেজি |
| প্রকাশিত: |
Nueva York, EUA :
Phaidon,
2003, c2003
|
| বিষয়গুলি: | |
| ট্যাগগুলো: |
কোনো ট্যাগ নেই, প্রথমজন হিসাবে ট্যাগ করুন!
|
MARC
| LEADER | 00000nam^a2200000^a^4500 | ||
|---|---|---|---|
| 001 | 000156788 | ||
| 005 | 20250521000000.0 | ||
| 009 | 20260310100515.106 | ||
| 020 | |a 0-7148-3916-7 | ||
| 037 | |a Acervo ITESO - Biblioteca | ||
| 041 | |a ING | ||
| 082 | |a 709. 73 |b MAT DIS | ||
| 100 | |a Matta-Clark, Gordon |e (autor) | ||
| 245 | 1 | 0 | |a Gordon Matta-Clark / |c G. Matta-Clark ; texto de J.R. Kirshner, C. Kravagna ; rev. de T. Crow. |
| 264 | 4 | |a Nueva York, EUA : |b Phaidon, |c 2003, c2003 | |
| 300 | |a 237 p. | ||
| 336 | |a texto |b txt |2 rdacontenido | ||
| 337 | |a sin mediación |b n |2 rdamedio | ||
| 338 | |a volumen |b nc |2 rdasoporte | ||
| 520 | |a Gordon Matta-Clark es un inclasificable artista neoyorquino (1943-), hijo del pintor surrealista Roberto Matta. Tras graduarse en arquitectura en Cornell University, monta su primera exposición en 1968, titulada Memorial for Marcel Duchamp; de entonces a la fecha ha tenido una gran cantidad de ellas, tanto individuales como colectivas. Ha desarrollado revolucionarias obras que están a medio camino entre la instalación y la escultura y otras que, con frecuencia, son un espacio arquitectónico intervenido para ser en sí mismo una instalación. | ||
| 649 | |a XX | ||
| 650 | |a Artistas Norteamericanos | ||
| 650 | |a Instalaciones (Arte) - |z EUA | ||
| 650 | |a Escultura Norteamericana | ||
| 650 | |a Restauración y Conservación Arquitectónica | ||
| 650 | |a Arquitectura Norteamericana | ||
| 650 | |a Arte Espacial | ||
| 650 | |a Arte Norteamericano | ||
| 650 | |a Matta-Clark, Gordon | ||
| 700 | |a Diserens, Corinne |e (edición) | ||
| 700 | |a Kirshner, Judith Russi |e (texto) | ||
| 700 | |a Kravagna, Christian |e (texto) | ||
| 700 | |a Crow, Thomas |e (revisión) | ||
| 910 | |a Fondo General | ||
| 920 | |a Impresos - Libros | ||
| 930 | |a Reserva Especial | ||
| 905 | |a 103 | ||
| 901 | |a 0500085357 |b IT1 |c REE |u 20250521 | ||
| 902 | |a https://opac.biblio.iteso.mx/vufind/Record/000156788 | ||